000 00208 a2200097 4500
020 _a9780545239905
041 _aspa
100 _aAnne Mazer
245 _aMi hermana mg̀ica, mabel gana el premio
942 _cBK
999 _c29187
_d29185